|
|
|
|
| LEADER |
00000nab a2200000 a 4500 |
| 001 |
vtls010189277 |
| 003 |
SK-MaSNL |
| 005 |
20260304233646.0 |
| 008 |
250507c2010 xo ||||||||||||00 b|slo |
| 015 |
|
|
|a SNBRB2010/10
|2 snkbucl
|
| 035 |
|
|
|a (uuid)88fdf72a-1742-4193-b4dd-7f6dfebb27e4
|
| 035 |
|
|
|a urn:nbn:sk:snk-ab179o
|
| 035 |
|
|
|a (urnnbn)urn:nbn:sk:snk:ar-a03zyh
|
| 038 |
|
|
|a SNKBUCL
|
| 040 |
|
|
|a SNKBUCL
|b slo
|c SNKBUCL
|e AACR2
|
| 041 |
0 |
|
|a slo
|b eng
|
| 044 |
|
|
|a xo
|c SK
|
| 080 |
|
|
|a 111
|2 2001
|
| 080 |
|
|
|a 11
|2 2001
|
| 100 |
1 |
|
|a Cepko, Jaroslav,
|d 1976-
|4 aut
|9 74069
|
| 245 |
1 |
0 |
|a K rozlíšeniu medzi ontológiou a metafyzikou u E. Lévinasa
|c Jaroslav Cepko
|
| 504 |
|
|
|a Bibliogr. odkazy
|
| 546 |
|
|
|a Res. angl.
|
| 600 |
1 |
7 |
|a Lévinas, Emmanuel,
|d 1906-1995
|2 snkbucl
|9 155940
|
| 650 |
0 |
7 |
|a ontológia (filozofia)
|2 snkbucl
|9 143171
|
| 650 |
0 |
7 |
|a metafyzika
|2 snkbucl
|9 810
|
| 773 |
0 |
|
|t Filozofia
|g Roč. 65, č. 7 (2010), s. 652-663
|x 0046-385X
|
| 850 |
|
|
|a Slovenská národná knižnica
|
| 852 |
|
|
|a Slovenská národná knižnica
|
| 954 |
|
|
|a odborná, vedecká literatúra pôvodná (slovenská)
|2 lita
|
| 958 |
|
|
|a article27
|
| 958 |
|
|
|a OND
|
| 958 |
|
|
|a SK
|
| 958 |
|
|
|a NB
|
| 958 |
|
|
|a EUIPO
|
| 999 |
|
|
|c 3199713
|d 3201643
|